000 00361nam a2200133Ia 4500
008 240624s9999 xx 000 0 und d
041 _aeng
082 _a658.8 WIN
100 _aWINSTON WAYNE L
245 _aMARKETING ANALYTICS DATA DRIVEN TECHNIQUES WITH MICROSOFT
260 _c2014
_aNew Delhi
_bWiley
300 _axxx, : 690 : p. : cm. ; 24
365 _cRS
999 _c28584
_d28584